Responses for show #5643 - Wednesday, March 4, 2009

Contestants

[<< previous game]

Tim McMahon, a lawyer originally from Lexington, Kentucky

Noah Sheola, a graduate student originally from Peterborough, New Hampshire

Kara Mohler, a history teacher from Silver Spring, Maryland (whose 1-day cash winnings total $23,199)

[next game >>]

Jeopardy! Round responses

THE 1960s
THE QUOTABLE KEITH RICHARDS
"S"CIENCE
IN THE OFFICE FRIDGE
THE SOUTHERN DANDY EXPOUNDS
CHANGE THE VOWELS
(Alex: We want you to change the vowels in the text we give you in order to come up with the correct response.)
    $200 7
Buddhists

Noah
    $200 3
Mick Jagger

Noah
    $200 12
smallpox

Tim
    $200 20
ice

Tim
    $200 1
(Kara: Prior to the clue being given -- Well, I'm hoping the southern dandy expounds includes an accent, so can we do that for $200?)

Colonel Sanders

Tim
    $200 26
groan

Tim
    $400 8
U-2 planes

Kara
    $400 4
(Eric) Clapton

Noah
    $400 13
sulfur

Tim
    $400 21
soy sauce

Kara
    $400 2
dueling

Noah
    $400 27
a pit bull

Noah
    $600 9
Mexico City

Noah
    $600 5
blue

Noah
    $1,000 14
(Tim: What is a suspension?)

a solution

Tim
    $600 22
Snickers

Noah
    $600 17
calling card

Tim
    $600 28
Top Ten List

Tim
    $800 10
(Kara: Who is John Paul II?)

Pope Paul VI

Kara
Triple Stumper
    $800 6
Jimi Hendrix

Kara
    $800 15
saccharin

Tim
    $800 24
Tupperware

Kara
    $800 18
parasol

Tim
    $800 29
black pants

Kara
    $1000 11
the Dominican Republic

Kara
    $1000 23
(Alex: He was talking about [*]. Boo, hiss, Keith Richards!)

Bob Dylan

Triple Stumper
    $1000 16
scanning

Tim
    $1000 25
falafel

Kara
    $1000 19
(Tim: What is elm?)

magnolia

Tim
Triple Stumper
    $1000 30
check out a book

Kara

Scores at the first commercial break (after clue 14):

Kara Noah Tim
$1,400 $2,400 -$200

Scores at the end of the Jeopardy! Round:

Kara Noah Tim
$5,400 $3,400 $3,000

Double Jeopardy! Round responses

ENGLISH LITERATURE
MR. OBAMA GOES TO WASHINGTON
BIRDS OF A FEATHER
OVERLAPS
(Alex: A strange category. I'll give you an example. If we said, for instance, as a clue, "ghost with a trunk," you would say, "what is an elephantom?" Okay?)
THE ROAR OF THE GREASEPAINT
THE SMELL OF THE CROWD
    $400 11
Agatha Christie

Tim
    $400 6
Honolulu

Tim
    $400 1
a dove

Noah
    $400 12
(Tim: What is a centerfold?)
...
(Alex: Tim, you forgot one syllable.
What is a [*]?)

a percenterfold

Tim
Triple Stumper
    $400 19
Fiddler on the Roof

Tim
    $400 26
Earth Day

Tim
    $3,000 17
(Kara: What is Kim?)

Captains Courageous

Kara
    $800 7
Harvard

Kara
    $800 2
a woodpecker

Tim
    $800 13
harvestibule

Tim
    $800 20
9 to 5

Tim
    $800 27
Brazil

Tim
    $1200 18
Pilgrim's Progress

Tim
    $1200 8
Hussein

Kara
    $1200 3
parrot

Tim
    $1200 14
sundialect

Tim
    $1200 21
(Yul) Brynner

Tim
    $1200 28
Gandhi

Tim
    $1600 24
Rowena

Triple Stumper
    $1600 9
Reconstruction

Kara
    $1600 4
crane

Tim
    $1600 15
a uniformula

Kara
    $1600 22
Hairspray

Kara
    $1600 29
Central Park

Tim
    $2000 25
The Cricket on the Hearth

Triple Stumper
    $2000 10
270

Noah
    $2000 5
penguins

Triple Stumper
    $2000 16
Budapestilence

Kara
    $2000 23
Mamma Mia!

Kara
    $2,000 30
(Tim: What is the privy council?)

the Vatican Council

Tim

Scores at the end of the Double Jeopardy! Round:

Kara Noah Tim
$13,200 $5,800 $14,600

[wagering suggestions for these scores]

Final Jeopardy! Round responses

DIPLOMATIC RELATIONS
NoahWhat is NORTH KOREA?
$4,001
KaraWhat is North Korea?
$13,199
TimWhat is North Korea
$11,900
North Korea

Final scores:

Kara Noah Tim
$26,399 $9,801 $26,500
2nd place: $2,000 3rd place: $1,000 New champion: $26,500

Game dynamics:

Coryat scores:

Kara Noah Tim
$16,200 $5,800 $17,600
15 R,
2 W
(including 1 DD)
10 R,
0 W
25 R,
4 W
(including 2 DDs)

Combined Coryat: $39,600

The J! Archive is created by fans, for fans. The Jeopardy! game show and all elements thereof, including but not limited to copyright and trademark thereto, are the property of Jeopardy Productions, Inc. and are protected under law. This website is not affiliated with, sponsored by, or operated by Jeopardy Productions, Inc. Join the discussion at JBoard.tv.